[Event "64 Villalba CC op 10th"]
[Site "Collado Villalba ESP"]
[Date "2025.08.10"]
[Round "7.12"]
[White "Barahona Torrijos, Angel"]
[Black "Pan, Angel Jiaye"]
[Result "1/2-1/2"]
[WhiteElo "1841"]
[BlackElo "1634"]
[WhiteFideId "-1"]
[BlackFideId "-1"]
[PlyCount "113"]
[GameId "2252203014987990"]
[EventDate "2025.08.04"]
[EventType "swiss"]
[EventRounds "9"]
[EventCountry "ESP"]
[SourceTitle "Ajedrez en Madrid"]
[Source "lmi"]
[SourceDate "2025.08.04"]
[SourceVersion "1"]
[SourceVersionDate "2025.12.11"]
[SourceQuality "1"]

1. d4 d5 2. Nf3 c5 3. c4 Nf6 4. cxd5 cxd4 5. Qxd4 Qxd5 6. Nc3 Qxd4 7. Nxd4 a6 8. e4 e6 9. a3 Bc5 10. Nb3 Ba7 11. Be2 Nc6 12. Bf4 O-O 13. O-O e5 14. Bg5 Be6 15. Nd2 Nd7 16. Nd5 Nd4 17. Bc4 Kh8 18. Nb3 b5 19. Nxd4 Bxd4 20. Bd3 Bxd5 21. exd5 Nc5 22. Rad1 Na4 23. b3 Nc3 24. Rd2 Nxd5 25. Be4 Nc3 26. Bxa8 Rxa8 27. Be3 Rc8 28. Bxd4 exd4 29. Re1 g6 30. Kf1 Rd8 31. Rc1 Ne4 32. Rd3 Kg7 33. f3 Ng5 34. Rc6 Ne6 35. g3 a5 36. Ke2 Rd5 37. b4 axb4 38. axb4 Rh5 39. h4 g5 40. hxg5 Rh2+ 41. Kf1 Rb2 42. Rxe6 fxe6 43. Rxd4 Kg6 44. Re4 Kf5 45. Ke1 Rb3 46. Ke2 Rb2+ 47. Kf1 Rb3 48. Kg2 Rb2+ 49. Kh3 Rb3 50. g4+ Kxg5 51. Kg3 Kf6 52. Kf4 h6 53. Kg3 Rd3 54. Kf2 Rb3 55. Ke2 Rb2+ 56. Kd1 Rb3 57. Ke2 1/2-1/2

[Event "64 Villalba CC op 10th"]
[Site "Collado Villalba ESP"]
[Date "2025.08.10"]
[Round "7.14"]
[White "Aguilar Alvarez, Christoph Sebastian"]
[Black "Candeleda Mayoral, Ramon"]
[Result "0-1"]
[WhiteElo "1734"]
[BlackElo "1620"]
[WhiteFideId "-1"]
[BlackFideId "-1"]
[PlyCount "86"]
[GameId "2252358877249605"]
[EventDate "2025.08.04"]
[EventType "swiss"]
[EventRounds "9"]
[EventCountry "ESP"]
[SourceTitle "Ajedrez en Madrid"]
[Source "lmi"]
[SourceDate "2025.08.04"]
[SourceVersion "1"]
[SourceVersionDate "2025.12.11"]
[SourceQuality "1"]

1. e4 c6 2. d4 d5 3. exd5 cxd5 4. Nf3 Nf6 5. Bd3 Nc6 6. c3 Bg4 7. h3 Bh5 8. O-O e6 9. Bg5 Be7 10. Nbd2 O-O 11. Qc2 Bxf3 12. Nxf3 h6 13. Bh4 Rc8 14. Rfe1 Nb4 15. Qd2 Nxd3 16. Qxd3 Ne4 17. Bxe7 Qxe7 18. Nd2 Nxd2 19. Qxd2 Rc7 20. Re3 Qg5 21. Rae1 a6 22. Qd3 Qh4 23. Rg3 Qe7 24. f4 f5 25. Rge3 Rf6 26. Qe2 Rc6 27. b3 Qd6 28. Qf3 g6 29. Qg3 Kf7 30. Qh4 h5 31. Qg5 Qf8 32. Qg3 b5 33. Qf3 a5 34. Qe2 Qb8 35. c4 Qxf4 36. cxd5 Rd6 37. dxe6+ Ke7 38. Qxb5 Qxd4 39. Qb7+ Ke8 40. e7 Rfe6 41. Qc8+ Kxe7 42. Qc4 Rxe3 43. Qxd4 Rxe1+ 0-1

[Event "64 Villalba CC op 10th"]
[Site "Collado Villalba ESP"]
[Date "2025.08.10"]
[Round "7.15"]
[White "Hewitt Alonso, Lucas"]
[Black "Perez Gutierrez, Jose Antonio"]
[Result "0-1"]
[WhiteElo "1475"]
[BlackElo "1725"]
[WhiteFideId "-1"]
[BlackFideId "-1"]
[PlyCount "84"]
[GameId "2252372949127277"]
[EventDate "2025.08.04"]
[EventType "swiss"]
[EventRounds "9"]
[EventCountry "ESP"]
[SourceTitle "Ajedrez en Madrid"]
[Source "lmi"]
[SourceDate "2025.08.04"]
[SourceVersion "1"]
[SourceVersionDate "2025.12.11"]
[SourceQuality "1"]

1. e4 c6 2. d4 d5 3. Nc3 dxe4 4. Nxe4 Nf6 5. f3 g6 6. Bc4 Bg7 7. Ne2 Nbd7 8. Nf4 O-O 9. Be3 Nb6 10. Bb3 Bf5 11. Nxf6+ Bxf6 12. c3 Qc7 13. Qd2 Rad8 14. O-O-O e5 15. Ne2 Rfe8 16. g4 Be6 17. Bxe6 Rxe6 18. Ng3 Nc4 19. Qd3 Nxe3 20. Qxe3 exd4 21. Qd3 dxc3 22. Qc2 cxb2+ 23. Kb1 Red6 24. Rxd6 Qxd6 25. Ne4 Qd4 26. Nxf6+ Qxf6 27. Qxb2 Qxb2+ 28. Kxb2 Rd2+ 29. Kb1 Kf8 30. h4 b5 31. Rc1 Rd6 32. h5 gxh5 33. gxh5 Kg7 34. f4 Kf6 35. Rc5 h6 36. Kb2 Ke7 37. Kb3 Kd7 38. Rf5 f6 39. Kb4 Ke6 40. Rc5 Kd7 41. a3 Rd4+ 42. Ka5 Ra4# 0-1

[Event "64 Villalba CC op 10th"]
[Site "Collado Villalba ESP"]
[Date "2025.08.10"]
[Round "7.16"]
[White "Aguirre Vila Coro, Antonio Javier"]
[Black "Forteza Ribot, Juan"]
[Result "1-0"]
[WhiteElo "1709"]
[BlackElo "1633"]
[WhiteFideId "-1"]
[BlackFideId "-1"]
[PlyCount "80"]
[GameId "2252380655300918"]
[EventDate "2025.08.04"]
[EventType "swiss"]
[EventRounds "9"]
[EventCountry "ESP"]
[SourceTitle "Ajedrez en Madrid"]
[Source "lmi"]
[SourceDate "2025.08.04"]
[SourceVersion "1"]
[SourceVersionDate "2025.12.11"]
[SourceQuality "1"]

1. e4 c5 2. Nc3 e6 3. g3 Ne7 4. Bg2 g6 5. d3 Bg7 6. Be3 d6 7. Qd2 Nbc6 8. Nge2 Nd4 9. Nd1 Nxe2 10. Kxe2 Nc6 11. f4 e5 12. Rf1 O-O 13. c3 f5 14. fxe5 Nxe5 15. Bg5 Qe8 16. Ne3 h6 17. Bf4 g5 18. Bxe5 Qxe5 19. Kd1 fxe4 20. Rxf8+ Kxf8 21. dxe4 Be6 22. Kc2 Rb8 23. Rf1+ Kg8 24. Nd5 Bxd5 25. exd5 Re8 26. Bh3 Qe4+ 27. Kc1 g4 28. Rf4 Qh1+ 29. Bf1 h5 30. Rf5 Re5 31. Rxe5 Bxe5 32. Qg5+ Kf8 33. Qf5+ Ke7 34. Kc2 Qxh2+ 35. Kb3 a6 36. Qh7+ Kd8 37. Qxb7 Bxg3 38. Bxa6 Qh1 39. Bb5 Qxd5+ 40. Qxd5 Ke7 1-0

[Event "64 Villalba CC op 10th"]
[Site "Collado Villalba ESP"]
[Date "2025.08.10"]
[Round "7.17"]
[White "Lopez Pereira, Irene"]
[Black "Dorado Gregorio, Javier"]
[Result "0-1"]
[WhiteElo "1507"]
[BlackElo "1617"]
[WhiteFideId "-1"]
[BlackFideId "-1"]
[PlyCount "61"]
[GameId "2252387350684173"]
[EventDate "2025.08.04"]
[EventType "swiss"]
[EventRounds "9"]
[EventCountry "ESP"]
[SourceTitle "Ajedrez en Madrid"]
[Source "lmi"]
[SourceDate "2025.08.04"]
[SourceVersion "1"]
[SourceVersionDate "2025.12.11"]
[SourceQuality "1"]

1. e4 e6 2. d4 d5 3. exd5 exd5 4. Nf3 Bd6 5. Be2 Bf5 6. O-O Nf6 7. Bg5 Nbd7 8. Nc3 c6 9. Bd3 Bxd3 10. Qxd3 O-O 11. Rfe1 Qc7 12. Bh4 Rfe8 13. Ng5 Bxh2+ 14. Kf1 Bd6 15. Re3 Rxe3 16. fxe3 Bg3 17. Bxg3 Qxg3 18. Nf3 Re8 19. Re1 Ng4 20. Re2 Re6 21. Kg1 Rxe3 22. Qf5 Rxe2 23. Nxe2 Qf2+ 24. Kh1 Qxe2 25. Qxd7 Qf1+ 26. Ng1 h5 27. Qxb7 Kh7 28. Qxc6 Ne3 29. Qxd5 Nxd5 30. Kh2 Ne3 31. Kh3 0-1

[Event "64 Villalba CC op 10th"]
[Site "Collado Villalba ESP"]
[Date "2025.08.11"]
[Round "8.1"]
[White "Rodriguez Melendez, Juan Humbert"]
[Black "Ubilava, Elizbar"]
[Result "0-1"]
[WhiteElo "2125"]
[BlackElo "2375"]
[WhiteFideId "-1"]
[BlackFideId "-1"]
[PlyCount "108"]
[GameId "2213601967092547"]
[EventDate "2025.08.04"]
[EventType "swiss"]
[EventRounds "9"]
[EventCountry "ESP"]
[SourceTitle "Ajedrez en Madrid"]
[Source "lmi"]
[SourceDate "2025.08.04"]
[SourceVersion "1"]
[SourceVersionDate "2025.12.11"]
[SourceQuality "1"]

1. e4 c5 2. Nf3 d6 3. d4 cxd4 4. Nxd4 Nf6 5. Nc3 a6 6. Be3 e5 7. Nf3 Be7 8. Bc4 Nc6 9. O-O O-O 10. Re1 Be6 11. Nd5 Rc8 12. Bb6 Qd7 13. b3 Bd8 14. Bxd8 Qxd8 15. Qd2 Bxd5 16. Bxd5 Nxd5 17. exd5 Nb8 18. c4 Nd7 19. Rec1 a5 20. Rab1 Qb6 21. a3 Qa6 22. Rc3 b5 23. Qc2 b4 24. Ng5 Nf6 25. Rf3 h6 26. Rxf6 hxg5 27. Rf5 bxa3 28. Rxg5 a4 29. Qc1 f6 30. Rg3 a2 31. Ra1 axb3 32. Rxb3 Qxc4 33. Qb2 Qxd5 34. h3 Ra8 35. Rxa2 Rxa2 36. Qxa2 Qc4 37. Qb1 Rc8 38. Rb8 d5 39. g4 Rxb8 40. Qxb8+ Kh7 41. Qe8 Qf4 42. Kg2 Qe4+ 43. Kg3 Qg6 44. Qd7 Qd3+ 45. f3 f5 46. Kh4 Qxf3 47. Qf7 fxg4 48. Qh5+ Kg8 49. Qe8+ Qf8 50. Qe6+ Qf7 51. Qc8+ Kh7 52. hxg4 Qf2+ 53. Kh3 e4 54. Qe6 Qf3+ 0-1

[Event "64 Villalba CC op 10th"]
[Site "Collado Villalba ESP"]
[Date "2025.08.11"]
[Round "8.2"]
[White "Elissalt Cardenas, Hector"]
[Black "Roa Alonso, Santiago"]
[Result "0-1"]
[WhiteElo "2310"]
[BlackElo "2349"]
[WhiteFideId "-1"]
[BlackFideId "-1"]
[PlyCount "70"]
[GameId "2215603001999724"]
[EventDate "2025.08.04"]
[EventType "swiss"]
[EventRounds "9"]
[EventCountry "ESP"]
[SourceTitle "Ajedrez en Madrid"]
[Source "lmi"]
[SourceDate "2025.08.04"]
[SourceVersion "1"]
[SourceVersionDate "2025.12.11"]
[SourceQuality "1"]

1. c4 Nf6 2. Nc3 g6 3. g3 Bg7 4. Bg2 O-O 5. e4 d6 6. d3 c5 7. Nge2 Nc6 8. h4 h5 9. f3 Ne5 10. Bf4 a6 11. a4 Bd7 12. O-O Rb8 13. a5 b6 14. axb6 Rxb6 15. Qd2 Ne8 16. Be3 e6 17. Ra3 Qb8 18. Rb1 Nc6 19. b3 Nd4 20. Bxd4 cxd4 21. Na2 d5 22. b4 Nd6 23. c5 Nb5 24. Ra5 Nc3 25. Rb3 Rb5 26. Rxb5 Bxb5 27. Kh2 dxe4 28. Nexc3 dxc3 29. Nxc3 Bxd3 30. Nxe4 Bxe4 31. fxe4 Be5 32. Rd3 Qb5 33. Kh3 Kg7 34. Rd7 Qa4 35. Bf3 Qb3 0-1

[Event "64 Villalba CC op 10th"]
[Site "Collado Villalba ESP"]
[Date "2025.08.11"]
[Round "8.3"]
[White "Centeno Mendoza, Julio Stefano"]
[Black "Martinez Fernandez, Raul"]
[Result "0-1"]
[WhiteElo "2118"]
[BlackElo "2233"]
[WhiteFideId "-1"]
[BlackFideId "-1"]
[PlyCount "60"]
[GameId "2252395231330911"]
[EventDate "2025.08.04"]
[EventType "swiss"]
[EventRounds "9"]
[EventCountry "ESP"]
[SourceTitle "Ajedrez en Madrid"]
[Source "lmi"]
[SourceDate "2025.08.04"]
[SourceVersion "1"]
[SourceVersionDate "2025.12.11"]
[SourceQuality "1"]

1. e4 e5 2. Nf3 Nc6 3. Bc4 Nf6 4. d3 Bc5 5. c3 a5 6. a4 O-O 7. Nbd2 d6 8. O-O Ba7 9. h3 Ne7 10. Re1 Ng6 11. Nf1 Be6 12. Bb3 d5 13. exd5 Nxd5 14. Bg5 f6 15. Be3 Bb8 16. Bc5 Re8 17. d4 c6 18. dxe5 Nxe5 19. Nxe5 Bxe5 20. Qf3 Qc7 21. Rad1 Kh8 22. Bc2 Nf4 23. Ne3 Bf7 24. Bd4 Bh5 25. Bxe5 Qxe5 26. g4 Bf7 27. Rd4 Ne6 28. Rd7 Ng5 29. Qg3 Qxg3+ 30. fxg3 Nf3+ 0-1

[Event "64 Villalba CC op 10th"]
[Site "Collado Villalba ESP"]
[Date "2025.08.11"]
[Round "8.4"]
[White "Gutierrez Diaz, Pablo"]
[Black "Blanco Barrios, Aitana"]
[Result "1-0"]
[WhiteElo "2023"]
[BlackElo "1893"]
[WhiteFideId "-1"]
[BlackFideId "-1"]
[PlyCount "149"]
[GameId "2252402291335807"]
[EventDate "2025.08.04"]
[EventType "swiss"]
[EventRounds "9"]
[EventCountry "ESP"]
[SourceTitle "Ajedrez en Madrid"]
[Source "lmi"]
[SourceDate "2025.08.04"]
[SourceVersion "1"]
[SourceVersionDate "2025.12.11"]
[SourceQuality "1"]

1. e4 c6 2. Nc3 d5 3. Nf3 dxe4 4. Nxe4 Nf6 5. Qe2 Na6 6. d4 Nxe4 7. Qxe4 Qd5 8. Qxd5 cxd5 9. Ne5 Nb8 10. c4 f6 11. Nf3 e6 12. Bd3 Bb4+ 13. Bd2 Nc6 14. O-O-O Bxd2+ 15. Rxd2 Nb4 16. b3 Nxd3+ 17. Rxd3 dxc4 18. bxc4 Bd7 19. Kb2 b5 20. cxb5 Bxb5 21. Rc3 Kd7 22. Nd2 Rhc8 23. Rg3 g6 24. Rh3 h5 25. Rg3 Rab8 26. Nb3 g5 27. Re1 Bc4 28. Rf3 a5 29. Ka3 Bxb3 30. axb3 f5 31. Re5 Rc2 32. d5 Kd6 33. Rxe6+ Kxd5 34. Ra6 g4 35. Rxf5+ Ke4 36. Raxa5 Rc3 37. Rae5+ Kd4 38. Rb5 Ra8+ 39. Kb2 Rac8 40. Rbd5+ Ke4 41. Rde5+ Kd4 42. Re2 Rd3 43. Rf7 Rd8 44. Rf4+ Kc5 45. Rc4+ Kb6 46. Re6+ Kb7 47. Re5 Rd2+ 48. Rc2 Rxc2+ 49. Kxc2 Rf8 50. Re2 Kc6 51. Kd1 Rf5 52. Ke1 Kc5 53. Re4 Kd5 54. Ra4 Kc6 55. Ke2 Rb5 56. b4 h4 57. Ke3 Re5+ 58. Kf4 Re2 59. Kxg4 Rxf2 60. Kh3 Kb5 61. Ra8 Kxb4 62. Rc8 Kb5 63. g4 hxg3 64. hxg3 Kb6 65. g4 Kb7 66. Rc1 Ra2 67. g5 Ra4 68. g6 Rd4 69. g7 Rd8 70. Kh4 Rg8 71. Rg1 Kc7 72. Kh5 Kd7 73. Kg6 Ke7 74. Re1+ Kd7 75. Kf7 1-0

[Event "64 Villalba CC op 10th"]
[Site "Collado Villalba ESP"]
[Date "2025.08.11"]
[Round "8.5"]
[White "Lorenzo Martin, Hector"]
[Black "Alvarez Lee, Felix"]
[Result "1-0"]
[WhiteElo "1930"]
[BlackElo "1967"]
[WhiteFideId "-1"]
[BlackFideId "-1"]
[PlyCount "87"]
[GameId "2210525152555070"]
[EventDate "2025.08.04"]
[EventType "swiss"]
[EventRounds "9"]
[EventCountry "ESP"]
[SourceTitle "Ajedrez en Madrid"]
[Source "lmi"]
[SourceDate "2025.08.04"]
[SourceVersion "1"]
[SourceVersionDate "2025.12.11"]
[SourceQuality "1"]

1. b3 g6 2. Bb2 Nf6 3. Bxf6 exf6 4. c4 d5 5. e3 c6 6. Nf3 a6 7. a3 Be7 8. Nc3 O-O 9. Be2 b5 10. O-O Re8 11. cxd5 cxd5 12. b4 Nc6 13. Qc2 Bb7 14. d4 Rc8 15. Qb3 Kg7 16. Ne1 f5 17. Rd1 Bf6 18. Bf3 f4 19. Nxd5 fxe3 20. Nxf6 Qxf6 21. fxe3 Qe7 22. d5 Nd8 23. Nc2 Qe5 24. d6 Rc3 25. Qa2 Be4 26. Bxe4 Qxe4 27. Rf2 Re5 28. Qb2 Qc4 29. Rd4 Qb3 30. Qxb3 Rxb3 31. Rfd2 Rc3 32. R4d3 Rc4 33. Nd4 Rc1+ 34. Kf2 Kf8 35. Nb3 Rf5+ 36. Kg3 Rcf1 37. h3 Rg5+ 38. Kh2 Ke8 39. Rc2 Ne6 40. Nc5 Nxc5 41. bxc5 Rff5 42. d7+ Kd8 43. c6 Rc5 44. c7+ 1-0

[Event "64 Villalba CC op 10th"]
[Site "Collado Villalba ESP"]
[Date "2025.08.11"]
[Round "8.6"]
[White "Vega De Alba, Miguel"]
[Black "Torres Torres, George Maycol"]
[Result "1/2-1/2"]
[WhiteElo "1917"]
[BlackElo "1919"]
[WhiteFideId "-1"]
[BlackFideId "-1"]
[PlyCount "67"]
[GameId "2252758416017132"]
[EventDate "2025.08.04"]
[EventType "swiss"]
[EventRounds "9"]
[EventCountry "ESP"]
[SourceTitle "Ajedrez en Madrid"]
[Source "lmi"]
[SourceDate "2025.08.04"]
[SourceVersion "1"]
[SourceVersionDate "2025.12.11"]
[SourceQuality "1"]

1. Nf3 d5 2. g3 Nc6 3. d4 Nf6 4. Bg2 Bf5 5. c4 e6 6. O-O Be7 7. Nc3 Ne4 8. Qb3 Nxc3 9. Qxc3 Bf6 10. c5 O-O 11. b4 a6 12. Be3 Na7 13. a4 Qd7 14. Bg5 Bxg5 15. Nxg5 f6 16. Nf3 b5 17. a5 Be4 18. Nh4 Bxg2 19. Nxg2 Nc6 20. Rad1 Rad8 21. f4 Rfe8 22. e3 Qf7 23. Ne1 Qg6 24. Nf3 Qh5 25. Rd2 Qf5 26. Re1 h6 27. Qb3 Kh8 28. Kg2 Qe4 29. Qb1 Qxb1 30. Rxb1 e5 31. fxe5 fxe5 32. Nxe5 Nxe5 33. dxe5 Rd7 34. Rf1 1/2-1/2

[Event "64 Villalba CC op 10th"]
[Site "Collado Villalba ESP"]
[Date "2025.08.11"]
[Round "8.7"]
[White "Pastor Alonso De Prado, Alberto"]
[Black "Rodriguez Del Pino, Daniel"]
[Result "1/2-1/2"]
[WhiteElo "2003"]
[BlackElo "1872"]
[WhiteFideId "-1"]
[BlackFideId "-1"]
[PlyCount "90"]
[GameId "2210536296816780"]
[EventDate "2025.08.04"]
[EventType "swiss"]
[EventRounds "9"]
[EventCountry "ESP"]
[SourceTitle "Ajedrez en Madrid"]
[Source "lmi"]
[SourceDate "2025.08.04"]
[SourceVersion "1"]
[SourceVersionDate "2025.12.11"]
[SourceQuality "1"]

1. Nf3 Nf6 2. g3 b6 3. Bg2 Bb7 4. c4 e6 5. b3 Be7 6. Bb2 d6 7. Nc3 O-O 8. O-O Nbd7 9. Qc2 d5 10. cxd5 exd5 11. d4 a6 12. Rad1 Re8 13. Ne5 Bd6 14. f4 c5 15. e3 cxd4 16. exd4 Rc8 17. Qd3 Nf8 18. Rde1 Bb4 19. a3 Bxc3 20. Bxc3 Ne4 21. Bb2 f6 22. Ng4 Bc6 23. a4 b5 24. Ne3 bxa4 25. bxa4 Bxa4 26. Qxa6 Ra8 27. Qb7 Ra5 28. Nf5 Bd7 29. Bxe4 Bxf5 30. Bxd5+ Kh8 31. Qf7 Ne6 32. Bxe6 Re7 33. Qxe7 Qxe7 34. Bxf5 Qd8 35. Be6 Rb5 36. Rc1 Rb8 37. Rc6 h5 38. Rfc1 Kh7 39. Rc8 Rxc8 40. Bxc8 Qb6 41. Rc2 Qb3 42. Rf2 Qd1+ 43. Kg2 Qd3 44. Bb7 h4 45. gxh4 Qg6+ 1/2-1/2

[Event "64 Villalba CC op 10th"]
[Site "Collado Villalba ESP"]
[Date "2025.08.11"]
[Round "8.8"]
[White "Palomino Menendez, Salvador"]
[Black "Suarez Paz, Alfonso"]
[Result "0-1"]
[WhiteElo "1980"]
[BlackElo "1815"]
[WhiteFideId "-1"]
[BlackFideId "-1"]
[PlyCount "52"]
[GameId "2252779315984880"]
[EventDate "2025.08.04"]
[EventType "swiss"]
[EventRounds "9"]
[EventCountry "ESP"]
[SourceTitle "Ajedrez en Madrid"]
[Source "lmi"]
[SourceDate "2025.08.04"]
[SourceVersion "1"]
[SourceVersionDate "2025.12.11"]
[SourceQuality "1"]

1. e4 d6 2. d4 Nf6 3. Bd3 e5 4. Ne2 h6 5. O-O Bg4 6. f3 Bh5 7. Qe1 Be7 8. Qg3 Bg6 9. dxe5 Nh5 10. Qe1 dxe5 11. Qc3 Nd7 12. Be3 O-O 13. Nd2 b6 14. Nb3 Bd6 15. g4 Nf4 16. Nxf4 exf4 17. Bd4 f6 18. Rad1 Bf7 19. Bc4 Qe8 20. Bb5 Rd8 21. Qd2 Qe7 22. Qe2 Ne5 23. Bc3 c6 24. Bxe5 Bxe5 25. Bxc6 Bxb3 26. axb3 Qc5+ 0-1

[Event "64 Villalba CC op 10th"]
[Site "Collado Villalba ESP"]
[Date "2025.08.11"]
[Round "8.9"]
[White "Alvarez Guerrero, Dylan"]
[Black "Armesto Robledo, Sebastian Carlos"]
[Result "1-0"]
[WhiteElo "1800"]
[BlackElo "1867"]
[WhiteFideId "-1"]
[BlackFideId "-1"]
[PlyCount "67"]
[GameId "2210531175452781"]
[EventDate "2025.08.04"]
[EventType "swiss"]
[EventRounds "9"]
[EventCountry "ESP"]
[SourceTitle "Ajedrez en Madrid"]
[Source "lmi"]
[SourceDate "2025.08.04"]
[SourceVersion "1"]
[SourceVersionDate "2025.12.11"]
[SourceQuality "1"]

1. d4 Nf6 2. Bf4 c5 3. e3 e6 4. Nf3 d5 5. c3 Nc6 6. Nbd2 Nh5 7. Bg5 Be7 8. Bxe7 Qxe7 9. Bd3 f5 10. Ne5 Nf6 11. Ndf3 Nd7 12. Nxc6 bxc6 13. O-O O-O 14. Qc2 c4 15. Be2 c5 16. b3 cxd4 17. cxd4 cxb3 18. Qxb3 a5 19. a4 Ba6 20. Bxa6 Rxa6 21. Qb5 Raa8 22. Rfc1 Rfb8 23. Qc6 Rc8 24. Qxc8+ Rxc8 25. Rxc8+ Nf8 26. Ne5 Qb7 27. Rac1 g6 28. h3 Qb4 29. Nd7 Qxa4 30. Nxf8 Kg7 31. R1c7+ Kh6 32. Rxh7+ Kg5 33. f4+ Kf6 34. Nd7+ 1-0

[Event "64 Villalba CC op 10th"]
[Site "Collado Villalba ESP"]
[Date "2025.08.11"]
[Round "8.10"]
[White "Lopez de Turiso, Jose Angel"]
[Black "De Luna Butz, Alberto"]
[Result "1/2-1/2"]
[WhiteElo "1975"]
[BlackElo "1789"]
[WhiteFideId "-1"]
[BlackFideId "-1"]
[PlyCount "79"]
[GameId "2252781084318256"]
[EventDate "2025.08.04"]
[EventType "swiss"]
[EventRounds "9"]
[EventCountry "ESP"]
[SourceTitle "Ajedrez en Madrid"]
[Source "lmi"]
[SourceDate "2025.08.04"]
[SourceVersion "1"]
[SourceVersionDate "2025.12.11"]
[SourceQuality "1"]

1. e4 d5 2. exd5 Qxd5 3. Nc3 Qd6 4. g3 Nf6 5. Bg2 c6 6. Nge2 Bf5 7. O-O e6 8. d3 Na6 9. h3 h6 10. Re1 Be7 11. Be3 Nc7 12. b4 O-O 13. Bc5 Qd7 14. Bxe7 Qxe7 15. a3 a5 16. Rb1 axb4 17. axb4 Ncd5 18. b5 Qd7 19. bxc6 bxc6 20. Qd2 e5 21. Kh2 Qc7 22. Rb2 Rfb8 23. Reb1 Rxb2 24. Rxb2 Rb8 25. Qc1 Be6 26. Qb1 Rxb2 27. Qxb2 Nd7 28. Nxd5 Bxd5 29. Nc3 Qb6 30. Qxb6 Nxb6 31. Nxd5 cxd5 32. c3 Na4 33. Bxd5 Nxc3 34. Bc6 Kf8 35. Kg2 Ke7 36. Kf3 Kd6 37. Be8 Ke7 38. Bc6 Kd6 39. Be8 Ke7 40. Bc6 1/2-1/2

[Event "64 Villalba CC op 10th"]
[Site "Collado Villalba ESP"]
[Date "2025.08.11"]
[Round "8.12"]
[White "Martin Consuegra, Barrilero Javier"]
[Black "Rajadel Rebollido, Thalia"]
[Result "1/2-1/2"]
[WhiteElo "1813"]
[BlackElo "1769"]
[WhiteFideId "-1"]
[BlackFideId "-1"]
[PlyCount "85"]
[GameId "2252784113470037"]
[EventDate "2025.08.04"]
[EventType "swiss"]
[EventRounds "9"]
[EventCountry "ESP"]
[SourceTitle "Ajedrez en Madrid"]
[Source "lmi"]
[SourceDate "2025.08.04"]
[SourceVersion "1"]
[SourceVersionDate "2025.12.11"]
[SourceQuality "1"]

1. Nf3 d5 2. d4 e6 3. e3 Bd6 4. Bd3 f5 5. b3 Qe7 6. a4 Nf6 7. Ba3 Bxa3 8. Nxa3 Ne4 9. O-O Nd7 10. c4 c6 11. Nc2 a5 12. Qb1 O-O 13. Qb2 Rf6 14. g3 Qf7 15. Nce1 Rh6 16. Be2 g5 17. Nd3 g4 18. Nh4 Ng5 19. f3 gxf3 20. Bxf3 Nxf3+ 21. Rxf3 Qg7 22. Kh1 Nf6 23. Nf2 Bd7 24. Rg1 Kh8 25. Nh3 Rg8 26. Qc1 Be8 27. Nf4 Bh5 28. Nxh5 Rxh5 29. Qe1 Ne4 30. Rf4 b6 31. Qe2 Rg5 32. Qg2 Rg4 33. Rxg4 Qxg4 34. Qf3 Qxf3+ 35. Nxf3 dxc4 36. bxc4 Nc3 37. Ra1 c5 38. Kg1 Kg7 39. Ra3 Ne4 40. Rb3 Rb8 41. Ne5 cxd4 42. exd4 Nd6 43. Nc6 1/2-1/2

[Event "64 Villalba CC op 10th"]
[Site "Collado Villalba ESP"]
[Date "2025.08.11"]
[Round "8.13"]
[White "Candeleda Mayoral, Ramon"]
[Black "Mata Medina, Andres"]
[Result "0-1"]
[WhiteElo "1620"]
[BlackElo "1870"]
[WhiteFideId "-1"]
[BlackFideId "-1"]
[PlyCount "72"]
[GameId "2210530420723807"]
[EventDate "2025.08.04"]
[EventType "swiss"]
[EventRounds "9"]
[EventCountry "ESP"]
[SourceTitle "Ajedrez en Madrid"]
[Source "lmi"]
[SourceDate "2025.08.04"]
[SourceVersion "1"]
[SourceVersionDate "2025.12.11"]
[SourceQuality "1"]

1. d4 d5 2. c4 c6 3. Nc3 Nf6 4. Nf3 e6 5. Bg5 Nbd7 6. e3 Qa5 7. Bd3 Ne4 8. Bxe4 dxe4 9. Nd2 Qxg5 10. O-O f5 11. Qb3 Nf6 12. c5 Be7 13. Nc4 h5 14. Ne2 Nd5 15. Ne5 Bf6 16. Nc4 O-O 17. Nd6 Be7 18. Nxc8 Raxc8 19. Nc3 Bd8 20. Rac1 Bc7 21. Ne2 h4 22. h3 a5 23. a4 Qf6 24. Rc2 g5 25. Kh1 Nb4 26. Rd2 Kh8 27. Nc1 Qf7 28. Na2 Nxa2 29. Qxa2 Bb8 30. Rg1 f4 31. Re2 f3 32. Rc2 fxg2+ 33. Rxg2 Qf5 34. Rg4 Qf3+ 35. Kg1 Rfe8 36. Rxg5 Qd1+ 0-1

[Event "64 Villalba CC op 10th"]
[Site "Collado Villalba ESP"]
[Date "2025.08.11"]
[Round "8.14"]
[White "De Juan Huarte, Federico"]
[Black "Perez Gutierrez, Jose Antonio"]
[Result "1-0"]
[WhiteElo "1597"]
[BlackElo "1725"]
[WhiteFideId "-1"]
[BlackFideId "-1"]
[PlyCount "65"]
[GameId "2252795013315222"]
[EventDate "2025.08.04"]
[EventType "swiss"]
[EventRounds "9"]
[EventCountry "ESP"]
[SourceTitle "Ajedrez en Madrid"]
[Source "lmi"]
[SourceDate "2025.08.04"]
[SourceVersion "1"]
[SourceVersionDate "2025.12.11"]
[SourceQuality "1"]

1. e4 c6 2. d4 d5 3. Nc3 dxe4 4. Nxe4 Nf6 5. Ng3 g6 6. Nf3 Bg7 7. c3 O-O 8. Bc4 Nbd7 9. Be3 Nb6 10. Bb3 Nbd5 11. Bd2 Qc7 12. Qc1 Re8 13. Bh6 Bh8 14. h3 b6 15. a3 Ba6 16. c4 e5 17. O-O Ne7 18. Nxe5 c5 19. Bf4 Qc8 20. d5 Nexd5 21. cxd5 Nxd5 22. Nxf7 c4 23. Nd6 Qd7 24. Nxc4 Rac8 25. Rd1 Qb5 26. Qc2 Nxf4 27. Nd6+ Kf8 28. Qxc8 Rxc8 29. Nxb5 Bxb5 30. Rac1 Rxc1 31. Rxc1 Bxb2 32. Rc8+ Be8 33. Ba4 1-0

[Event "64 Villalba CC op 10th"]
[Site "Collado Villalba ESP"]
[Date "2025.08.11"]
[Round "8.15"]
[White "Pan, Angel Jiaye"]
[Black "Escribano Santiago, Ignacio"]
[Result "1-0"]
[WhiteElo "1634"]
[BlackElo "1492"]
[WhiteFideId "-1"]
[BlackFideId "-1"]
[PlyCount "37"]
[GameId "2210532190154875"]
[EventDate "2025.08.04"]
[EventType "swiss"]
[EventRounds "9"]
[EventCountry "ESP"]
[SourceTitle "Ajedrez en Madrid"]
[Source "lmi"]
[SourceDate "2025.08.04"]
[SourceVersion "1"]
[SourceVersionDate "2025.12.11"]
[SourceQuality "1"]

1. d4 Nf6 2. Nf3 e6 3. e3 c5 4. Bd3 d5 5. b3 Nbd7 6. Nbd2 Be7 7. Bb2 O-O 8. O-O Nb6 9. Rc1 Bd7 10. Ne5 Re8 11. f4 a6 12. c4 Rc8 13. g4 Bc6 14. g5 Nfd7 15. Bxh7+ Kf8 16. Qh5 Nxe5 17. fxe5 Bf6 18. gxf6 g6 19. Qh6# 1-0